000 00861nam a22002177a 4500
005 20240530110526.0
008 150607s2011 ua g 000 0 ara d
017 _a11748
_bمصر . دار الكتب المصرية
020 _a9789776302013
040 _aEG-CaGPL
082 0 4 _221
_a658.31242\
_bت ت
100 1 _aتشاندلر ، ستيف
_qستيف تشاندلر
245 1 0 _aتحفيز الذات :
_bتحدى الطاقة البشرية /
_cتاليف ستيف تشاندلر ؛ ترجمة عبدالحكم الخزامى
260 _aالقاهرة :
_bالدار الاكاديمية للعلوم ،
_c2011
300 _a242 ص ؛
_c24 سم
650 0 4 _aالدافعية
650 0 4 _aتحقيق الشخصية
700 0 _aعبدالحكم الخزامى
_eمترجم
942 _2ddc
_cBK
999 _c61998
_d61998